|
|
|
|
| LEADER |
00000nam a22000007a 4500 |
| 005 |
2020042209459.0 |
| 007 |
cr|||| |||| |
| 008 |
200422s2019 es |||||s|||| 00||0 spa d |
| 020 |
|
|
|a 978-84-1324-528-7
|
| 035 |
|
|
|a 31439
|
| 040 |
|
|
|a vLex
|
| 090 |
|
|
|c 10327
|d 10327
|
| 100 |
1 |
|
|a Bermejo Castrillo, Manuel ℓngel
|
| 245 |
1 |
2 |
|a La memoria del jurista espaǫl
|h [Recurso electrn̤ico] /
|c Manuel ℓngel Bermejo Castrillo
|
| 256 |
|
|
|a Servicio en ln̕ea
|
| 260 |
|
|
|a Madrid:
|b Dykinson,
|c 2019
|
| 300 |
|
|
|a 1 recurso electrn̤ico
|
| 506 |
1 |
|
|a Disponible solo en los productos indicados
|d vLex Global
|d vLex Global (Academic Edition, excluding Law Schools)
|d vLex Global (U.S. Academic Edition, Law Schools)
|d vLex Global (U.S. Academic Edition, excluding Law Schools)
|d vLex Global (Academic Edition, Law Schools)
|
| 650 |
0 |
4 |
|a Derecho Militar
|z Espaą
|
| 740 |
0 |
|
|a vLex Libros (Servicio en ln̕ea)
|
| 856 |
4 |
0 |
|u http://vlex.com/source/memoria-jurista-espa-ol-31439
|z Acceso restringido
|
| 942 |
|
|
|c BOOK
|
| 999 |
0 |
|
|a Military Law
|